000 00922cam a22003378a 4500
005 20260322212033.0
008 data
010 _a 2008026321
020 _a9780470180143 (pbk. : alk. paper)
020 _a0470180145
040 _aDNLM
_cDNLM
041 0 9 _aeng
042 _apcc
044 _9United States
060 1 0 _aWM 34
_bB497sa 2008
100 1 _aBerghuis, David J.
245 1 4 _aThe severe and persistent mental illness progress notes planner /
_cDavid J. Berghuis & Arthur E. Jongsma.
250 _a2nd ed.
260 _aHoboken, N.J. :
_bJohn Wiley & Sons,
_cc2008.
263 _a0807
300 _axv, 357 p.
490 1 _aPractice planners series
500 _aIncludes index.
650 1 2 _aMental Disorders
_xtherapy
650 2 2 _aMedical Records
650 1 2 _aPsychotherapy
655 2 _aHandbooks
700 1 _aJongsma, Arthur E.,
_d1943-
830 0 _aPractice planners.
001 data
999 _c757
_d757